<?xml version="1.0" encoding="UTF-8"?><?xml-stylesheet type="text/xsl" href="static/style.xsl"?><OAI-PMH xmlns="http://www.openarchives.org/OAI/2.0/" xmlns:xsi="http://www.w3.org/2001/XMLSchema-instance" xsi:schemaLocation="http://www.openarchives.org/OAI/2.0/ http://www.openarchives.org/OAI/2.0/OAI-PMH.xsd"><responseDate>2026-04-19T11:15:23Z</responseDate><request verb="GetRecord" identifier="oai:www.recercat.cat:2072/489415" metadataPrefix="marc">https://recercat.cat/oai/request</request><GetRecord><record><header><identifier>oai:recercat.cat:2072/489415</identifier><datestamp>2026-04-07T07:56:54Z</datestamp><setSpec>com_2072_300912</setSpec><setSpec>com_2072_4427</setSpec><setSpec>col_2072_301309</setSpec></header><metadata><record xmlns="http://www.loc.gov/MARC21/slim" xmlns:dcterms="http://purl.org/dc/terms/" xmlns:xsi="http://www.w3.org/2001/XMLSchema-instance" xmlns:doc="http://www.lyncode.com/xoai" xsi:schemaLocation="http://www.loc.gov/MARC21/slim http://www.loc.gov/standards/marcxml/schema/MARC21slim.xsd">
   <leader>00925njm 22002777a 4500</leader>
   <datafield ind2=" " ind1=" " tag="042">
      <subfield code="a">dc</subfield>
   </datafield>
   <datafield ind2=" " ind1=" " tag="720">
      <subfield code="a">Ruiz-Ferrando, Andrea</subfield>
      <subfield code="e">author</subfield>
   </datafield>
   <datafield ind2=" " ind1=" " tag="720">
      <subfield code="a">Mitchell, Sharon</subfield>
      <subfield code="e">author</subfield>
   </datafield>
   <datafield ind2=" " ind1=" " tag="720">
      <subfield code="a">López, Núria</subfield>
      <subfield code="e">author</subfield>
   </datafield>
   <datafield ind2=" " ind1=" " tag="720">
      <subfield code="a">Pérez-Ramírez, Javier</subfield>
      <subfield code="e">author</subfield>
   </datafield>
   <datafield ind2=" " ind1=" " tag="260">
      <subfield code="c">2026-04-03</subfield>
   </datafield>
   <datafield ind2=" " ind1=" " tag="520">
      <subfield code="a">Single-atom catalysis has become a central framework for experiment-theory integration, as catalytic performance is highly sensitive to the environment of individual metal atoms, a feature that electronic structure calculations are well-suited to analyze. Yet much of current theoretical practice relies on simplified single-site models and narrow reactivity windows, overlooking the intrinsic site diversity and evolution of single-atom catalysts (SAC). This Perspective discusses how SAC modeling can be reframed through a lifecycle-oriented view that integrates synthesis, activity, stability, and safety. By adopting ensemble-based descriptions and modular thermodynamic descriptors, we show how theory can be used systematically in line with the level of structural definition accessible experimentally. Using acetylene hydrochlorination as a prominent SAC application with exceptional data coherence for examining the theory-experiment interplay, wedemonstrate that site formation and evolution under synthesis and reaction conditions, as well as ensemble-driven activity trends consistent with experimental yields, can be treated quantitatively. In contrast, stability and safety are more effectively addressed through comparative, pathway-resolved analyses. More broadly, this perspective points toward a shift in how SAC modeling is framed across reactions, enabling theory to move beyond post-rationalization toward disciplined prediction.</subfield>
   </datafield>
   <datafield ind1="8" ind2=" " tag="024">
      <subfield code="a">https://hdl.handle.net/2072/489415</subfield>
   </datafield>
   <datafield ind1="8" ind2=" " tag="024">
      <subfield code="a">https://doi.org/10.1002/advs.75156Digital Object Identifier (DOI)</subfield>
   </datafield>
   <datafield ind2="0" ind1="0" tag="245">
      <subfield code="a">Toward Predictive Theory in Single-Atom Catalysis</subfield>
   </datafield>
</record></metadata></record></GetRecord></OAI-PMH>